Premier League Records - Statistics

General Stats
  • This quiz has been taken 49 times
  • The average score is 16 of 30
Answer Stats
Question # Answer % Correct
Most Premier League Goals 260 Alan Shearer
92%
Most Titles 13 Manchester United
92%
Most Wins in a Season 29 Chelsea
87%
Most Premier League Appearances 632 Ryan Giggs
87%
Longest Unbeaten Run 49 Arsenal
82%
Most goals scored in a Season (Club) 103 Chelsea
82%
Most Premier League goals at one club 177.. Wayne Rooney
79%
Most consecutive home games undefeated 86 Chelsea
77%
Most Premier League Assists 162 Ryan Giggs
77%
Most consecutive away games undefeated 27 Arsenal
72%
Most Clean Sheets 174 Petr Cech
72%
Most Premier League Hat-tricks 11 Alan Shearer
69%
Most Goals in Total 1802 Manchester United
67%
Most Consecutive Home Wins 20 Manchester City
62%
Most frequent scoreline 1-0
56%
Fastest Premier League Hat-Trick 2m56s Sadio Mane
56%
Most Losses in total 333 Aston Villa
46%
Club(s) Relegated the Most 4 Norwich City/Crystal Palace
46%
Fewest goals scored in a season (Club) 20 Derby County
38%
Most goals scored away in a season 48 Liverpool
38%
Oldest Goalscorer Teddy Sheringham
38%
Longest ban 12 mat Joey Barton
31%
Most Goals in a calendar month 10 Luis Suarez
31%
Most Own Goals 10 Richard Dunne
31%
Most Yellow Cards for a Player 103 Gareth Barry
28%
Youngest Goalscorer James Vaughan
28%
Most Goals Against in Total 1205 Tottenham Hotspur
23%
Most goals scored in a season by a relegated team 55 Blackpool
21%
Fastest Goal 10s Ledley King
21%
Fewest Points in a season while surviving relegation 34 West Bromwich Albion
13%
No matching quizzes found
Score Distribution
Percent of People with Each Score
Percentile by Number Answered
Your Score History
You have not taken this quiz